000 00442nam a2200169Ia 4500
005 20250424120328.0
008 250424s9999 xx 000 0 und d
022 _a15978494
050 _aPR 9387 .A34/
245 4 _aThe Ker Review: a journal of nigerian literature
260 _aMakurdi
260 _bAboki Publishers
260 _c2010
300 _av. ; 22 cm.
650 _aNigerian literature (English)--Periodicals.
942 _cSR
999 _c38694
_d38694